Responses for Show #6347 - Tuesday, April 3, 2012

Contestants

[<< previous game]

Joey Falco, a writer from Santa Monica, California

Tamara Tatum-Broughton, an assistant professor of biology from Washington, D.C.

Elisabeth Carrel, a copy editor from Elgin, Illinois (whose 1-day cash winnings total $24,000)

[next game >>]

Jeopardy! Round responses

HIGHWAYS & BYWAYS
AP MALE ATHLETE OF THE YEAR
STUPID ANSWERS
PLANT-HERS
GOOD NEWS
A "LEG" TO STAND ON
    $200 18
J

Elisabeth
    $200 2
Lance Armstrong

Tamara
    $200 7
(Elisabeth: What is Mt. Kilimanjaro?)

Mt. Kenya

ElisabethTamara
    $200 1
Susan

Joey
    $200 12
a fork

Tamara
    $400 19
Penny Lane

Joey
    $400 3
Wayne Gretzky

Tamara
    $400 8
1984

Joey
    $400 14
a lily

Joey
    $400 13
(Alex: That was [*]. You three are too young to remember.)

a drive-in theater

Triple Stumper
    $400 27
[The end-of-round signal sounds.]

legume

Joey
    $600 20
the Autobahn

Elisabeth
    $600 4
Jesse Owens

Joey
    $600 9
Connect Four

Joey
    $600 15
the Social Security Act

Joey
    $600 26
(Elisabeth: What is Lego? [*]?)

Legoland

Elisabeth
    $800 21
(Tamara: What is the Cumberland Road?)
(Elisabeth: What is the Appalachian Trail?)

the Wilderness Road

ElisabethTamara
Triple Stumper
    $800 5
Cal Ripken, Jr.

Tamara
    $800 10
baker's chocolate

Tamara
    $2,000 16
(Joey: Who are blind people?)

the hearing-impaired (the deaf)

Joey
    $800 24
legato

Elisabeth
    $1000 22
(Elisabeth: What is Myanmar?)
[The word "though" appeared on the screen, but Alex read it (correctly) as "through".]

Bangladesh

Elisabeth
Triple Stumper
    $1000 6
(Elisabeth: Who is Joe Frazier?)
...
(Alex: Yes, 1935.)

Joe Louis

ElisabethTamara
    $1000 11
Belle Starr

Elisabeth
    $1000 23
(Joey: What is a Rose?)

an Iris

TamaraJoey
    $1000 17
(Elisabeth: What are seals?)

whales

ElisabethJoey
    $1000 25
leg o'mutton

Elisabeth

Scores at the first commercial break (after clue 15):

Elisabeth Tamara Joey
-$200 $3,600 $2,800

Scores at the end of the Jeopardy! Round:

Elisabeth Tamara Joey
$200 $3,800 $1,600

Double Jeopardy! Round responses

AFRICAN-AMERICAN ACTORS
NEW YORK MUSEUMS
(Alex: You have to name the literary work in...)
AL-LIT-ERATION
POISON
PROPOSED STATES
MATH, YET NOT MATH
    $400 2
Jamie Foxx

Joey
    $400 25
(Elisabeth: What is the Metropolitan Museum of Art?)

MOMA (the Museum of Modern Art)

ElisabethJoey
    $400 14
The Great Gatsby

Joey
    $400 19
World War I

Elisabeth
    $400 7
Long Island

Joey
    $800 3
(Sidney) Poitier

Joey
    $3,000 12
(Alexander) Calder

Elisabeth
    $800 15
Pilgrim's Progress

Elisabeth
    $800 20
(Alex: We'll accept that, yes.)

flow

Tamara
    $800 8
the Cascades

Tamara
    $1200 4
Allstate

Joey
    $1200 1
5th Avenue

Tamara
    $1200 16
Wee Willie Winkie

Triple Stumper
    $1200 21
cyanide

Tamara
    $1200 9
the Northwest Territory

Elisabeth
    $1600 5
Spartacus

Joey
    $1600 13
Brooklyn

Joey
    $4,000 18
(Joey: [Makes popping sounds])
(Alex: Joey?)
(Joey: I...)

Nicholas Nickleby

Joey
    $1600 22
(Alex: Correct, with less than a minute to go.)

carbon monoxide

Joey
    $1600 10
(Joey: What is North Dakota?)
(Tamara: What is Nebraska?)

Wyoming

ElisabethTamaraJoey
    $2000 6
Don Cheadle

Tamara
    $2000 24
the Hayden Planetarium

Triple Stumper
    $2000 17
Billy Budd

Joey
    $2000 23
Guyana

Elisabeth
    $2000 11
Deseret

Triple Stumper
    $2000 26
[The end-of-round signal sounds.]

nonplus

Triple Stumper

Scores at the end of the Double Jeopardy! Round:

Elisabeth Tamara Joey
$8,800 $8,200 $6,400

[wagering suggestions for these scores]

Final Jeopardy! Round responses

SYMBOLIC SCULPTURE
JoeyWhat is Kenya?
$2,401
TamaraWhat is South Africa?
$6,001
ElisabethWhat is Kenya
$7,601
Côte d'Ivoire

Final scores:

Elisabeth Tamara Joey
$1,199 $2,199 $3,999
3rd place: $1,000 2nd place: $2,000 New champion: $3,999

Game dynamics:

Coryat scores:

Elisabeth Tamara Joey
$6,600 $8,200 $12,400
12 R
(including 1 DD),
6 W
13 R,
2 W
19 R,
4 W
(including 2 DDs)

Combined Coryat: $27,200

[game clues] [game scores] [suggest correction]

Game tape date: 2011-12-13
The J! Archive is created by fans, for fans. Scraping, republication, monetization, and malicious use prohibited; this site may use cookies and collect identifying information. See terms. The Jeopardy! game show and all elements thereof, including but not limited to copyright and trademark thereto, are the property of Jeopardy Productions, Inc. and are protected under law. This website is not affiliated with, sponsored by, or operated by Jeopardy Productions, Inc. Join the discussion at JBoard.tv.